| 000 | 00807cam a2200253 a 4500 | ||
|---|---|---|---|
| 001 | 000010547 | ||
| 005 | 20200929162240.0 | ||
| 008 | 841016s1984 nq a 001 0 spa | ||
| 035 | _a(DLC) 84227482 | ||
| 040 |
_aDO-SdBNP _bspa _cDLC _dDLC _dBNPHU |
||
| 082 |
_aN868.44 _bA367Y |
||
| 100 | 1 |
_aAlemán Ocampo, Carlos, _d1941- _925582 |
|
| 245 | 1 | 0 |
_aY también enseñenles a leer / _cCarlos Alemán Ocampo. |
| 260 |
_aManagua : _bNueva Nicaragua, _c1984. |
||
| 300 |
_a160 : _bil. ; _c21 cm. |
||
| 490 | 1 | _aQuinto aniversario | |
| 650 | 4 |
_aLiteratura nicaragüense _98122 |
|
| 650 | 4 |
_aPoesía nicaragüense _98179 |
|
| 650 | 4 |
_aCuentos nicaragüense _925583 |
|
| 650 | 4 |
_aEnsayos nicaragüense _925584 |
|
| 830 | 0 |
_aQuinto aniversario. _915679 |
|
| 910 | _aCatalogación por copia / LC | ||
| 049 | _aBNGR | ||
| 999 |
_c10305 _d10305 |
||